000 00746nam a2200193Ii 4500
003 JO-AjNU
008 230605s9999||||xx |||||||||||||| ||und||
040 _aJO-AjNU
_bara
_erda
_cJO-AjNU
041 _aara
050 1 4 _aBP135 2000
100 3 _aتاليف العلفي، أحمد بن إسماعيل القرشي,
_eauthor
_936495
245 0 0 _aالمختصر المفيد فيما لا يجوز الإخلال به لكل مكلف من العبيد
264 3 1 _aاليمن- صعدة: مركز اهل البيت (ع) للدراسات الاسلامية، 2000
300 _a130ص
336 _atext
_btxt
_2rdacontent
337 _aunmediated
_bn
_2rdamedia
338 _avolume
_bnc
_2rdacarrier
650 4 _aالاسلام - فقة
_936496
999 _aA15168
_c18736
_d18736